000 00726cam a22002533a 4500
001 9304
003 PGUSA
005 20140828083210.0
008 051101s2005||||xxu|||||s|||||000 | eng d
040 _aPGUSA
_beng
042 _adc
050 4 _aB
100 1 _aFaguet, Émile,
_d1847-1916
245 1 0 _aInitiation into Philosophy
_h[electronic resource] /
_cÉmile Faguet
260 _bProject Gutenberg,
_c2005
506 _aPublic domain in the USA.
516 _aElectronic text
653 _aPhilosophy -- Introductions
700 1 _aGordon, Home,
_d1871-1956
740 0 _aInitiation philosophique. English
830 0 _aProject Gutenberg
_v9304
856 4 0 _uhttp://www.gutenberg.org/ebooks/9304
942 _cEB
999 _c238560
_d238560